000 00421nam a2200133Ia 4500
005 20260209120138.0
008 260209s9999||||xx |||||||||||||| ||und||
100 _aAmrita
245 0 _aOnline arbitration
260 _aBangaloreBangalore
_bNLSIU
_c2017
300 _a101 p. ; 25 cm.
700 _aProf. (Dr.) Ashok R Patil - GuideProf. (Dr.) Ashok R Patil - Guide
856 _uhttps://dans.nls.ac.in/handle/123456789/1594
999 _c217296
_d217296